América del Sur : geografía económica y regional con un capítulo histórico /

Bibliographic Details
Main Author: Shanahan, Edward William
Format: Libro
Language:Spanish
Published: Barcelona Omega 1954
Edition:2ed.
Subjects:

MARC

LEADER 00000cam a2200000 a 4500
001 022299
003 UAHC_CL
005 20170803122112.0
008 150107s1954 sp 000 spa
040 |a UAHC_CL  |c UAHC_CL  |d UAHC_CL 
100 1 |a Shanahan, Edward William 
245 1 0 |a América del Sur :  |b geografía económica y regional con un capítulo histórico /  |c Edward William Shanahan ; trad. Joaquina Comas de Candel. 
250 |a 2ed. 
260 |a Barcelona  |b Omega  |c 1954 
300 |a 389 p. 
504 |a Incluye notas bibliográficas 
651 4 |a AMERICA DEL SUR  |x GEOGRAFIA 
653 |a GEOGRAFIA 
900 |a 918 SHA 
942 |c BK 
952 |0 0  |1 0  |4 0  |6 918_000000000000000_SHA  |7 0  |8 General  |9 44272  |a BC  |b BC  |c General  |d 2017-08-03  |l 0  |o 918 SHA  |p 1408735  |r 2026-01-13 00:00:00  |t 1  |w 2017-08-03  |y BK 
952 |0 0  |1 0  |4 0  |6 918_000000000000000_SHA  |7 0  |8 General  |9 44273  |a BC  |b BC  |c General  |d 2017-08-03  |l 0  |o 918 SHA  |p 1408762  |r 2026-01-13 00:00:00  |t 2  |w 2017-08-03  |y BK 
999 |c 22299  |d 22299